Normal view
MARC view
Entry Personal Name
001 - CONTROL NUMBER
- control field: 208062
003 - CONTROL NUMBER IDENTIFIER
- control field: OSt
005 - DATE AND TIME OF LATEST TRANSACTION
- control field: 20220924134109.0
008 - FIXED-LENGTH DATA ELEMENTS
- fixed length control field: 220924|| aca||aabn | a|a d
040 ## - CATALOGING SOURCE
- Original cataloging agency: OSt
- Transcribing agency: OSt
100 ## - HEADING--PERSONAL NAME
- Personal name: Ghosh K
670 ## - SOURCE DATA FOUND
- Source citation: Work cat.: (OSt)436374: Ghosh K , Badan kan aag, 1973
